Religion Quiz

Random Religion or World Quiz

Islamic Country Click Quiz Stats

 Plays Quiz Updated Jul 2, 2018

Challenge
Share
Tweet
Score 0/49 Timer 20:00
14 Plays Today
% Correct
Saudi Arabia
97.3%
Iran
96.5%
Iraq
96.4%
Egypt
96.2%
Libya
95.8%
Yemen
95.2%
Algeria
95.2%
Oman
94.9%
Afghanistan
94.2%
Sudan
94.1%
Pakistan
93.4%
Chad
90.9%
Niger
90.6%
Morocco
90.5%
Turkey
89.8%
Syria
89.7%
Turkmenistan
89.2%
Mali
89.1%
Mauritania
88.6%
UAE
86.8%
Uzbekistan
85.9%
Jordan
82.3%
Kyrgyzstan
81.7%
Tunisia
81.2%
Tajikistan
80.4%
% Correct
Somalia
78.9%
Bahrain
77.6%
Indonesia
76.9%
Kazakhstan
70.9%
Nigeria
67.7%
Azerbaijan
65.3%
Palestine
62.9%
Lebanon
61%
Malaysia
57.8%
Senegal
51.5%
Burkina Faso
50.8%
Qatar
49.2%
Guinea
47.3%
Bangladesh
46.6%
Maldives
41.4%
Albania
39.5%
Kuwait
36.9%
Sierra Leone
36.1%
Bosnia
34.3%
Kosovo
33.5%
The Gambia
31.7%
Djibouti
30.1%
Comoros
29.4%
Brunei
21.8%

You're not logged in!

Compare scores with friends on all Sporcle quizzes.
OR
Log In

You Might Also Like...

Show Comments

Extras

Top Quizzes Today


Score Distribution

Your Account Isn't Verified!

In order to create a playlist on Sporcle, you need to verify the email address you used during registration. Go to your Sporcle Settings to finish the process.

Report this User

Report this user for behavior that violates our Community Guidelines.

Details: